Cómo controlar el estrés y mantener la calma en negociaciones difíciles /
Guardado en:
| Autor Principal: | |
|---|---|
| Formato: | Libro |
| Idioma: | Spanish English |
| Publicado: |
Madrid ; Buenos Aires :
Irwin,
c1994.
|
| Edición: | 1a. ed. en español. |
| Series: | Biblioteca de negocios.
|
| Materias: | |
| Etiquetas: |
Agregar Etiqueta
Sin Etiquetas, Sea el primero en etiquetar este registro!
|
| LEADER | 00952nam a22002535 4500 | ||
|---|---|---|---|
| 001 | EAD.ead003387 | ||
| 008 | 080718s1994####ag#######b####001#0#spa#d | ||
| 005 | 20130325170413.0 | ||
| 245 | 1 | 0 | |a Cómo controlar el estrés y mantener la calma en negociaciones difíciles / |c Barbara J. Braham ; revisión técnica: Gabriel Vázquez M., Borja González Llano. |
| 250 | |a 1a. ed. en español. | ||
| 260 | |a Madrid ; |a Buenos Aires : |b Irwin, |c c1994. | ||
| 300 | |a xv, 155 p. ; |c 21 cm. | ||
| 490 | 1 | |a Biblioteca de negocios | |
| 500 | |a Traducción de: Managing stress, keeping calm under fire. | ||
| 504 | |a Incluye referencias bibliográficas e índice. | ||
| 020 | |a 8480861533 | ||
| 100 | 1 | |a Braham, Barbara J. | |
| 830 | 0 | |a Biblioteca de negocios. | |
| 082 | 0 | 4 | |a 658.385 |
| 653 | |a Estrés | ||
| 650 | 7 | |a Negociación. |2 unbist | |
| 650 | 7 | |a Ambiente de trabajo. |2 isoc | |
| 041 | 1 | |a spa |h eng | |
| 859 | |a AR-BaBDC |b BIB. ADMINISTRACION - Libros |h 658.385 |i B73 |p b03960 | ||
